[Event "Deutsche Ländermeisterschaft 2025"]
[Site "Oer-Erkenschwick GER"]
[Date "2025.10.03"]
[Round "5"]
[White "Glotz, Diana"]
[Black "Nguyen, Paul"]
[Result "1/2-1/2"]
[Termination "normal"]
[Board "6.7"]
[WhiteElo "1692"]
[BlackElo "1790"]
[WhiteClock "00:04:06"]
[BlackClock "01:01:14"]
[WhiteTeam "Sachsen"]
[BlackTeam "Stichts-Gooise Schaakbond"]
[PlyCount "97"]
[WhiteFideId "16278500"]
[BlackFideId "1095072"]
[EventCountry "GER"]
[EventRounds "7"]
[EventType "team-swiss"]
[EventDate "2025.09.30"]

1. d4 {[%clk 01:30:44]} {[%emt 00:00:15]} d5 {[%clk 01:30:50]} {[%emt
00:00:10]} 2. Nc3 {[%clk 01:30:54]} {[%emt 00:00:20]} Nf6 {[%clk 01:31:11]}
{[%emt 00:00:09]} 3. Bf4 {[%clk 01:31:05]} {[%emt 00:00:20]} e6 {[%clk
01:30:47]} {[%emt 00:00:54]} 4. Nb5 {[%clk 01:31:18]} {[%emt 00:00:16]} Bd6
{[%clk 01:29:20]} {[%emt 00:01:57]} 5. Nxd6+ {[%clk 01:30:37]} {[%emt
00:01:11]} cxd6 {[%clk 01:29:36]} {[%emt 00:00:14]} 6. c3 {[%clk 01:28:39]}
{[%emt 00:02:29]} Nc6 {[%clk 01:29:54]} {[%emt 00:00:11]} 7. Nf3 {[%clk
01:28:19]} {[%emt 00:00:50]} h6 {[%clk 01:30:10]} {[%emt 00:00:14]} 8. e3
{[%clk 01:28:08]} {[%emt 00:00:41]} O-O {[%clk 01:30:09]} {[%emt 00:00:31]} 9.
Bd3 {[%clk 01:27:48]} {[%emt 00:00:50]} Re8 {[%clk 01:30:23]} {[%emt 00:00:16]}
10. Bg3 {[%clk 01:22:15]} {[%emt 00:06:04]} Ne4 {[%clk 01:27:52]} {[%emt
00:03:00]} 11. Qc2 {[%clk 01:19:10]} {[%emt 00:03:35]} Nxg3 {[%clk 01:27:25]}
{[%emt 00:00:57]} 12. hxg3 {[%clk 01:18:23]} {[%emt 00:01:18]} e5 {[%clk
01:27:47]} {[%emt 00:00:08]} 13. dxe5 {[%clk 01:16:50]} {[%emt 00:02:02]} dxe5
{[%clk 01:28:02]} {[%emt 00:00:15]} 14. e4 {[%clk 01:12:58]} {[%emt 00:04:22]}
Be6 {[%clk 01:24:22]} {[%emt 00:04:09]} 15. Rd1 {[%clk 01:01:41]} {[%emt
00:11:46]} d4 {[%clk 01:21:37]} {[%emt 00:03:17]} 16. O-O {[%clk 00:54:12]}
{[%emt 00:07:59]} Rc8 {[%clk 01:21:26]} {[%emt 00:00:40]} 17. Bb5 {[%clk
00:48:32]} {[%emt 00:06:11]} Bg4 {[%clk 01:19:06]} {[%emt 00:02:49]} 18. Qd2
{[%clk 00:41:31]} {[%emt 00:07:31]} Qf6 {[%clk 01:15:28]} {[%emt 00:04:08]} 19.
Bxc6 {[%clk 00:34:34]} {[%emt 00:07:27]} dxc3 {[%clk 01:12:26]} {[%emt
00:03:32]} 20. Qxc3 {[%clk 00:34:02]} {[%emt 00:01:02]} Rxc6 {[%clk 01:12:42]}
{[%emt 00:00:14]} 21. Qe3 {[%clk 00:30:48]} {[%emt 00:03:44]} a6 {[%clk
01:09:21]} {[%emt 00:03:51]} 22. Rd2 {[%clk 00:27:04]} {[%emt 00:04:14]} Rec8
{[%clk 01:08:12]} {[%emt 00:01:39]} 23. Nh2 {[%clk 00:25:24]} {[%emt 00:02:11]}
Be6 {[%clk 01:08:11]} {[%emt 00:00:30]} 24. a3 {[%clk 00:25:16]} {[%emt
00:00:38]} Qe7 {[%clk 01:04:25]} {[%emt 00:04:17]} 25. Rfd1 {[%clk 00:24:50]}
{[%emt 00:00:56]} Qc5 {[%clk 01:01:32]} {[%emt 00:03:22]} 26. Qxc5 {[%clk
00:21:09]} {[%emt 00:04:11]} Rxc5 {[%clk 01:01:55]} {[%emt 00:00:07]} 27. Rd8+
{[%clk 00:21:26]} {[%emt 00:00:13]} Rxd8 {[%clk 01:01:50]} {[%emt 00:00:36]}
28. Rxd8+ {[%clk 00:21:51]} {[%emt 00:00:04]} Kh7 {[%clk 01:02:19]} {[%emt
00:00:01]} 29. Nf3 {[%clk 00:21:58]} {[%emt 00:00:24]} f6 {[%clk 01:02:17]}
{[%emt 00:00:31]} 30. Rd2 {[%clk 00:21:23]} {[%emt 00:01:05]} Bg4 {[%clk
01:02:02]} {[%emt 00:00:45]} 31. Nh4 {[%clk 00:15:08]} {[%emt 00:06:45]} Kg8
{[%clk 01:01:16]} {[%emt 00:01:17]} 32. f3 {[%clk 00:15:13]} {[%emt 00:00:25]}
Be6 {[%clk 01:01:37]} {[%emt 00:00:08]} 33. Nf5 {[%clk 00:15:24]} {[%emt
00:00:18]} Bxf5 {[%clk 01:00:38]} {[%emt 00:01:29]} 34. exf5 {[%clk 00:15:50]}
{[%emt 00:00:05]} Rc7 {[%clk 01:00:49]} {[%emt 00:00:19]} 35. Kf2 {[%clk
00:14:47]} {[%emt 00:01:34]} Kf7 {[%clk 01:01:13]} {[%emt 00:00:06]} 36. Ke3
{[%clk 00:14:50]} {[%emt 00:00:26]} Ke7 {[%clk 01:01:23]} {[%emt 00:00:20]} 37.
Rd3 {[%clk 00:06:10]} {[%emt 00:09:10]} Rc2 {[%clk 01:01:36]} {[%emt 00:00:17]}
38. Rd2 {[%clk 00:06:25]} {[%emt 00:00:15]} Rxd2 {[%clk 01:01:45]} {[%emt
00:00:21]} 39. Kxd2 {[%clk 00:06:51]} {[%emt 00:00:04]} Kd6 {[%clk 01:02:10]}
{[%emt 00:00:05]} 40. g4 {[%clk 00:06:43]} {[%emt 00:00:38]} Kd5 {[%clk
01:02:23]} {[%emt 00:00:17]} 41. Kd3 {[%clk 00:07:04]} {[%emt 00:00:09]} a5
{[%clk 01:00:35]} {[%emt 00:02:18]} 42. b3 {[%clk 00:04:20]} {[%emt 00:03:15]}
b6 {[%clk 01:00:37]} {[%emt 00:00:27]} 43. a4 {[%clk 00:04:01]} {[%emt
00:00:48]} Kc5 {[%clk 01:01:00]} {[%emt 00:00:08]} 44. Kc3 {[%clk 00:04:18]}
{[%emt 00:00:14]} b5 {[%clk 01:01:25]} {[%emt 00:00:04]} 45. g3 {[%clk
00:03:51]} {[%emt 00:00:58]} b4+ {[%clk 01:01:04]} {[%emt 00:00:51]} 46. Kd3
{[%clk 00:04:02]} {[%emt 00:00:17]} Kd5 {[%clk 01:01:28]} {[%emt 00:00:07]} 47.
Ke3 {[%clk 00:04:19]} {[%emt 00:00:12]} Kd6 {[%clk 01:01:03]} {[%emt 00:00:56]}
48. Ke4 {[%clk 00:04:07]} {[%emt 00:00:42]} Kc5 {[%clk 01:01:14]} {[%emt
00:00:19]} 49. Kd3 {[%clk 00:04:06]} {[%emt 00:00:30]} 1/2-1/2

[Event "Deutsche Ländermeisterschaft 2025"]
[Site "Oer-Erkenschwick GER"]
[Date "2025.10.03"]
[Round "5"]
[White "Eilenberg, Jonas"]
[Black "Reyes-Mantilla, Andrés Mauricio"]
[Result "1-0"]
[Termination "normal"]
[Board "7.1"]
[WhiteTitle "FM"]
[WhiteElo "2346"]
[BlackElo "2047"]
[WhiteClock "00:42:19"]
[BlackClock "00:00:34"]
[WhiteTeam "Berlin"]
[BlackTeam "Hamburg 2"]
[PlyCount "51"]
[WhiteFideId "16204271"]
[BlackFideId "4467248"]
[EventCountry "GER"]
[EventRounds "7"]
[EventType "team-swiss"]
[EventDate "2025.09.30"]

1. e4 {[%clk 01:30:42]} {[%emt 00:00:08]} c5 {[%clk 01:30:48]} {[%emt
00:00:13]} 2. Nf3 {[%clk 01:31:01]} {[%emt 00:00:11]} e6 {[%clk 01:31:09]}
{[%emt 00:00:08]} 3. b3 {[%clk 01:31:22]} {[%emt 00:00:09]} b6 {[%clk
01:24:57]} {[%emt 00:06:43]} 4. d4 {[%clk 01:31:05]} {[%emt 00:00:45]} cxd4
{[%clk 01:25:17]} {[%emt 00:00:13]} 5. Nxd4 {[%clk 01:31:28]} {[%emt 00:00:07]}
Bb7 {[%clk 01:25:27]} {[%emt 00:00:19]} 6. Bd3 {[%clk 01:30:06]} {[%emt
00:01:52]} Nc6 {[%clk 01:18:19]} {[%emt 00:07:40]} 7. Nxc6 {[%clk 01:30:12]}
{[%emt 00:00:23]} Bxc6 {[%clk 01:18:44]} {[%emt 00:00:05]} 8. Bb2 {[%clk
01:28:48]} {[%emt 00:01:54]} Nf6 {[%clk 01:09:56]} {[%emt 00:09:18]} 9. Qe2
{[%clk 01:27:56]} {[%emt 00:01:22]} Qc7 {[%clk 01:00:22]} {[%emt 00:10:03]} 10.
Nd2 {[%clk 01:26:58]} {[%emt 00:01:29]} a6 {[%clk 00:57:07]} {[%emt 00:03:45]}
11. O-O-O {[%clk 01:23:26]} {[%emt 00:04:02]} h5 {[%clk 00:54:40]} {[%emt
00:02:57]} 12. Kb1 {[%clk 01:21:16]} {[%emt 00:02:39]} b5 {[%clk 00:54:16]}
{[%emt 00:00:54]} 13. Rhf1 {[%clk 01:17:57]} {[%emt 00:03:50]} Qxh2 {[%clk
00:43:57]} {[%emt 00:10:50]} 14. f4 {[%clk 01:12:32]} {[%emt 00:05:54]} h4
{[%clk 00:39:40]} {[%emt 00:04:47]} 15. Nf3 {[%clk 01:04:14]} {[%emt 00:08:47]}
Qxf4 {[%clk 00:21:07]} {[%emt 00:19:03]} 16. Ne5 {[%clk 01:04:12]} {[%emt
00:00:32]} Qg3 {[%clk 00:20:59]} {[%emt 00:00:39]} 17. Rf3 {[%clk 00:58:49]}
{[%emt 00:05:53]} Qg5 {[%clk 00:19:16]} {[%emt 00:02:13]} 18. Nxc6 {[%clk
00:57:39]} {[%emt 00:01:40]} dxc6 {[%clk 00:19:40]} {[%emt 00:00:05]} 19. e5
{[%clk 00:55:31]} {[%emt 00:02:38]} Nd5 {[%clk 00:11:52]} {[%emt 00:08:19]} 20.
Rdf1 {[%clk 00:51:01]} {[%emt 00:05:00]} Bc5 {[%clk 00:07:29]} {[%emt
00:04:52]} 21. Rxf7 {[%clk 00:48:51]} {[%emt 00:02:40]} O-O-O {[%clk 00:07:35]}
{[%emt 00:00:24]} 22. c4 {[%clk 00:42:56]} {[%emt 00:06:25]} Ne3 {[%clk
00:06:11]} {[%emt 00:01:54]} 23. cxb5 {[%clk 00:42:30]} {[%emt 00:00:56]} Nxf1
{[%clk 00:05:46]} {[%emt 00:00:55]} 24. bxc6 {[%clk 00:42:47]} {[%emt
00:00:13]} Be7 {[%clk 00:02:46]} {[%emt 00:03:29]} 25. Bc1 {[%clk 00:42:02]}
{[%emt 00:01:15]} Qh5 {[%clk 00:00:34]} {[%emt 00:02:43]} 26. Bxa6+ {[%clk
00:42:19]} {[%emt 00:00:12]} 1-0

[Event "Deutsche Ländermeisterschaft 2025"]
[Site "Oer-Erkenschwick GER"]
[Date "2025.10.03"]
[Round "5"]
[White "Tietz, Bennit"]
[Black "Jahnz, Laurin"]
[Result "0-1"]
[Termination "normal"]
[Board "7.2"]
[BlackTitle "CM"]
[WhiteElo "2036"]
[BlackElo "2220"]
[WhiteClock "00:07:48"]
[BlackClock "00:08:25"]
[WhiteTeam "Hamburg 2"]
[BlackTeam "Berlin"]
[PlyCount "154"]
[WhiteFideId "16286936"]
[BlackFideId "16261089"]
[EventCountry "GER"]
[EventRounds "7"]
[EventType "team-swiss"]
[EventDate "2025.09.30"]

1. e4 {[%clk 01:30:52]} {[%emt 00:00:07]} c5 {[%clk 01:30:48]} {[%emt
00:00:13]} 2. d4 {[%clk 01:30:21]} {[%emt 00:00:59]} cxd4 {[%clk 01:31:14]}
{[%emt 00:00:05]} 3. Qxd4 {[%clk 01:30:47]} {[%emt 00:00:04]} Nc6 {[%clk
01:31:42]} {[%emt 00:00:02]} 4. Qd3 {[%clk 01:31:06]} {[%emt 00:00:11]} Nf6
{[%clk 01:32:09]} {[%emt 00:00:04]} 5. Nc3 {[%clk 01:30:23]} {[%emt 00:01:12]}
e6 {[%clk 01:32:34]} {[%emt 00:00:05]} 6. Bf4 {[%clk 01:29:41]} {[%emt
00:01:12]} d5 {[%clk 01:32:15]} {[%emt 00:00:49]} 7. O-O-O {[%clk 01:26:26]}
{[%emt 00:03:45]} d4 {[%clk 01:24:56]} {[%emt 00:07:49]} 8. Nb5 {[%clk
01:25:55]} {[%emt 00:01:02]} e5 {[%clk 01:25:16]} {[%emt 00:00:10]} 9. Bxe5
{[%clk 01:24:12]} {[%emt 00:02:11]} Nxe5 {[%clk 01:23:57]} {[%emt 00:01:49]}
10. Qg3 {[%clk 01:24:32]} {[%emt 00:00:11]} Nfd7 {[%clk 01:15:39]} {[%emt
00:08:48]} 11. Nf3 {[%clk 01:19:39]} {[%emt 00:05:22]} a6 {[%clk 01:05:25]}
{[%emt 00:10:45]} 12. Nxe5 {[%clk 01:16:42]} {[%emt 00:03:26]} axb5 {[%clk
01:05:15]} {[%emt 00:00:41]} 13. Bxb5 {[%clk 01:15:26]} {[%emt 00:01:46]} Rxa2
{[%clk 00:51:03]} {[%emt 00:14:42]} 14. c4 {[%clk 01:09:19]} {[%emt 00:06:36]}
Ra5 {[%clk 00:35:28]} {[%emt 00:16:06]} 15. Rxd4 {[%clk 00:43:43]} {[%emt
00:26:06]} Rxb5 {[%clk 00:18:18]} {[%emt 00:17:41]} 16. cxb5 {[%clk 00:43:27]}
{[%emt 00:00:45]} Qf6 {[%clk 00:14:53]} {[%emt 00:03:56]} 17. Rxd7 {[%clk
00:09:01]} {[%emt 00:34:56]} Bxd7 {[%clk 00:13:54]} {[%emt 00:01:29]} 18. Nxd7
{[%clk 00:09:29]} {[%emt 00:00:02]} Kxd7 {[%clk 00:12:15]} {[%emt 00:02:09]}
19. Qb8 {[%clk 00:06:46]} {[%emt 00:03:13]} g6 {[%clk 00:06:31]} {[%emt
00:06:15]} 20. Rd1+ {[%clk 00:03:31]} {[%emt 00:03:44]} Bd6 {[%clk 00:06:33]}
{[%emt 00:00:28]} 21. Rxd6+ {[%clk 00:03:19]} {[%emt 00:00:43]} Qxd6 {[%clk
00:06:58]} {[%emt 00:00:04]} 22. Qxh8 {[%clk 00:03:42]} {[%emt 00:00:06]} Qf4+
{[%clk 00:07:22]} {[%emt 00:00:06]} 23. Kd1 {[%clk 00:02:43]} {[%emt 00:01:29]}
Qxf2 {[%clk 00:07:33]} {[%emt 00:00:20]} 24. Qxh7 {[%clk 00:02:20]} {[%emt
00:00:52]} Qg1+ {[%clk 00:07:25]} {[%emt 00:00:39]} 25. Kc2 {[%clk 00:02:19]}
{[%emt 00:00:30]} Qxg2+ {[%clk 00:07:49]} {[%emt 00:00:07]} 26. Kc3 {[%clk
00:01:26]} {[%emt 00:01:23]} Qf3+ {[%clk 00:07:53]} {[%emt 00:00:25]} 27. Kd4
{[%clk 00:01:12]} {[%emt 00:00:44]} Qd1+ {[%clk 00:08:09]} {[%emt 00:00:14]}
28. Kc3 {[%clk 00:01:16]} {[%emt 00:00:26]} Qe1+ {[%clk 00:08:08]} {[%emt
00:00:31]} 29. Kd3 {[%clk 00:01:07]} {[%emt 00:00:38]} Qf1+ {[%clk 00:06:07]}
{[%emt 00:02:32]} 30. Ke3 {[%clk 00:01:27]} {[%emt 00:00:10]} Ke6 {[%clk
00:05:15]} {[%emt 00:01:22]} 31. Qh4 {[%clk 00:01:07]} {[%emt 00:00:49]} Qxb5
{[%clk 00:05:05]} {[%emt 00:00:41]} 32. Qg4+ {[%clk 00:01:10]} {[%emt
00:00:27]} Ke7 {[%clk 00:05:27]} {[%emt 00:00:08]} 33. Qg2 {[%clk 00:00:42]}
{[%emt 00:00:58]} Qe5 {[%clk 00:04:29]} {[%emt 00:01:28]} 34. Kd3 {[%clk
00:00:54]} {[%emt 00:00:17]} Kf8 {[%clk 00:04:32]} {[%emt 00:00:28]} 35. Qc2
{[%clk 00:01:07]} {[%emt 00:00:17]} Qb5+ {[%clk 00:04:37]} {[%emt 00:00:25]}
36. Ke3 {[%clk 00:01:27]} {[%emt 00:00:10]} Qg5+ {[%clk 00:04:47]} {[%emt
00:00:20]} 37. Kd4 {[%clk 00:01:18]} {[%emt 00:00:38]} Kg7 {[%clk 00:04:43]}
{[%emt 00:00:34]} 38. b3 {[%clk 00:01:05]} {[%emt 00:00:43]} b6 {[%clk
00:03:43]} {[%emt 00:01:31]} 39. Kd3 {[%clk 00:00:45]} {[%emt 00:00:49]} Qf4
{[%clk 00:03:18]} {[%emt 00:00:56]} 40. Qc3+ {[%clk 00:00:36]} {[%emt
00:00:39]} Kh7 {[%clk 00:03:40]} {[%emt 00:00:08]} 41. Qc2 {[%clk 00:25:25]}
{[%emt 00:05:41]} g5 {[%clk 00:31:51]} {[%emt 00:02:19]} 42. Qg2 {[%clk
00:24:35]} {[%emt 00:01:21]} Qd6+ {[%clk 00:31:38]} {[%emt 00:00:42]} 43. Kc3
{[%clk 00:24:08]} {[%emt 00:00:56]} Qc5+ {[%clk 00:32:03]} {[%emt 00:00:06]}
44. Kb2 {[%clk 00:23:43]} {[%emt 00:00:54]} Qe5+ {[%clk 00:32:07]} {[%emt
00:00:27]} 45. Ka2 {[%clk 00:23:27]} {[%emt 00:00:47]} b5 {[%clk 00:31:43]}
{[%emt 00:00:53]} 46. Qh3+ {[%clk 00:23:00]} {[%emt 00:00:56]} Kg7 {[%clk
00:31:51]} {[%emt 00:00:23]} 47. Qg2 {[%clk 00:18:27]} {[%emt 00:05:02]} Kh6
{[%clk 00:25:27]} {[%emt 00:06:54]} 48. Qh3+ {[%clk 00:17:45]} {[%emt
00:01:12]} Kg6 {[%clk 00:25:52]} {[%emt 00:00:05]} 49. Qg2 {[%clk 00:18:08]}
{[%emt 00:00:07]} Kf6 {[%clk 00:23:59]} {[%emt 00:02:23]} 50. Qf2+ {[%clk
00:17:17]} {[%emt 00:01:21]} Ke7 {[%clk 00:23:59]} {[%emt 00:00:30]} 51. Qd2
{[%clk 00:11:49]} {[%emt 00:05:55]} f6 {[%clk 00:21:41]} {[%emt 00:02:50]} 52.
Qg2 {[%clk 00:11:17]} {[%emt 00:01:02]} b4 {[%clk 00:18:34]} {[%emt 00:03:37]}
53. Qc2 {[%clk 00:11:00]} {[%emt 00:00:47]} Qd6 {[%clk 00:16:03]} {[%emt
00:03:02]} 54. Kb1 {[%clk 00:10:59]} {[%emt 00:00:31]} Ke6 {[%clk 00:14:55]}
{[%emt 00:01:38]} 55. Qg2 {[%clk 00:06:36]} {[%emt 00:04:53]} Qd1+ {[%clk
00:14:19]} {[%emt 00:01:06]} 56. Kb2 {[%clk 00:07:04]} {[%emt 00:00:02]} Qd4+
{[%clk 00:14:30]} {[%emt 00:00:18]} 57. Kc2 {[%clk 00:07:13]} {[%emt 00:00:22]}
Qc3+ {[%clk 00:14:48]} {[%emt 00:00:12]} 58. Kb1 {[%clk 00:07:19]} {[%emt
00:00:24]} Qxb3+ {[%clk 00:15:15]} {[%emt 00:00:03]} 59. Ka1 {[%clk 00:07:44]}
{[%emt 00:00:05]} Qc3+ {[%clk 00:14:25]} {[%emt 00:01:20]} 60. Kb1 {[%clk
00:08:12]} {[%emt 00:00:02]} Ke5 {[%clk 00:11:34]} {[%emt 00:03:22]} 61. Qg4
{[%clk 00:06:09]} {[%emt 00:02:32]} Qe1+ {[%clk 00:11:17]} {[%emt 00:00:48]}
62. Kb2 {[%clk 00:06:23]} {[%emt 00:00:15]} Qxe4 {[%clk 00:11:41]} {[%emt
00:00:05]} 63. Qg3+ {[%clk 00:06:42]} {[%emt 00:00:11]} Kd5 {[%clk 00:10:43]}
{[%emt 00:01:30]} 64. Qb3+ {[%clk 00:07:10]} Ke5 {[%clk 00:10:23]} {[%emt
00:00:50]} 65. Qg3+ {[%clk 00:07:35]} {[%emt 00:00:05]} Ke6 {[%clk 00:10:43]}
{[%emt 00:00:09]} 66. Qh3+ {[%clk 00:07:27]} {[%emt 00:00:38]} Kf7 {[%clk
00:10:54]} {[%emt 00:00:20]} 67. Qh5+ {[%clk 00:07:05]} {[%emt 00:00:52]} Kg7
{[%clk 00:11:15]} {[%emt 00:00:09]} 68. Kb3 {[%clk 00:07:22]} {[%emt 00:00:13]}
Qb1+ {[%clk 00:09:55]} {[%emt 00:01:50]} 69. Kc4 {[%clk 00:07:43]} {[%emt
00:00:09]} Qe4+ {[%clk 00:08:42]} {[%emt 00:01:43]} 70. Kb3 {[%clk 00:08:11]}
{[%emt 00:00:02]} Qd4 {[%clk 00:08:33]} {[%emt 00:00:39]} 71. Ka4 {[%clk
00:07:42]} {[%emt 00:00:58]} Qc4 {[%clk 00:08:35]} {[%emt 00:00:28]} 72. Qf3
{[%clk 00:07:27]} {[%emt 00:00:45]} b3+ {[%clk 00:08:24]} {[%emt 00:00:41]} 73.
Ka3 {[%clk 00:07:56]} {[%emt 00:00:01]} Qc2 {[%clk 00:07:54]} {[%emt 00:01:01]}
74. h4 {[%clk 00:07:23]} {[%emt 00:01:03]} Qa2+ {[%clk 00:07:49]} {[%emt
00:00:35]} 75. Kb4 {[%clk 00:07:51]} {[%emt 00:00:02]} b2 {[%clk 00:08:00]}
{[%emt 00:00:19]} 76. Qb7+ {[%clk 00:07:26]} {[%emt 00:00:55]} Qf7 {[%clk
00:08:25]} {[%emt 00:00:05]} 77. Qe4 {[%clk 00:07:48]} {[%emt 00:00:07]} b1=Q+
{[%emt 00:01:33]} 0-1

[Event "Deutsche Ländermeisterschaft 2025"]
[Site "Oer-Erkenschwick GER"]
[Date "2025.10.03"]
[Round "5"]
[White "Held, Momme Fredrik"]
[Black "Derhay, Davyd"]
[Result "1-0"]
[Termination "normal"]
[Board "7.3"]
[WhiteElo "2081"]
[BlackElo "1756"]
[WhiteClock "00:22:42"]
[BlackClock "00:32:34"]
[WhiteTeam "Berlin"]
[BlackTeam "Hamburg 2"]
[PlyCount "121"]
[WhiteFideId "16237692"]
[BlackFideId "34130624"]
[EventCountry "GER"]
[EventRounds "7"]
[EventType "team-swiss"]
[EventDate "2025.09.30"]

1. c4 {[%clk 01:30:58]} {[%emt 00:00:01]} Nf6 {[%clk 01:30:16]} {[%emt
00:00:44]} 2. g3 {[%clk 01:31:24]} {[%emt 00:00:05]} c6 {[%clk 01:30:17]}
{[%emt 00:00:29]} 3. Bg2 {[%clk 01:31:40]} {[%emt 00:00:13]} d5 {[%clk
01:30:11]} {[%emt 00:00:36]} 4. Nf3 {[%clk 01:32:05]} {[%emt 00:00:05]} Bf5
{[%clk 01:30:33]} {[%emt 00:00:08]} 5. Qb3 {[%clk 01:32:24]} {[%emt 00:00:11]}
Qb6 {[%clk 01:30:32]} {[%emt 00:00:31]} 6. d3 {[%clk 01:32:33]} {[%emt
00:00:22]} Qxb3 {[%clk 01:30:00]} {[%emt 00:01:02]} 7. axb3 {[%clk 01:32:58]}
{[%emt 00:00:05]} e6 {[%clk 01:30:20]} {[%emt 00:00:09]} 8. Nh4 {[%clk
01:29:41]} {[%emt 00:03:47]} Bg6 {[%clk 01:30:32]} {[%emt 00:00:19]} 9. Bd2
{[%clk 01:29:49]} {[%emt 00:00:21]} Be7 {[%clk 01:30:20]} {[%emt 00:00:43]} 10.
Bc3 {[%clk 01:29:57]} {[%emt 00:00:22]} Na6 {[%clk 01:28:17]} {[%emt 00:02:33]}
11. Nd2 {[%clk 01:27:05]} {[%emt 00:03:22]} Nb4 {[%clk 01:27:39]} {[%emt
00:01:08]} 12. Nxg6 {[%clk 01:24:44]} {[%emt 00:02:51]} hxg6 {[%clk 01:27:52]}
{[%emt 00:00:16]} 13. Ra4 {[%clk 01:21:35]} {[%emt 00:03:39]} a5 {[%clk
01:25:05]} {[%emt 00:03:17]} 14. O-O {[%clk 01:15:31]} {[%emt 00:06:34]} O-O
{[%clk 01:25:19]} {[%emt 00:00:17]} 15. d4 {[%clk 01:11:53]} {[%emt 00:04:07]}
b6 {[%clk 01:20:45]} {[%emt 00:05:04]} 16. Rfa1 {[%clk 01:10:23]} {[%emt
00:01:59]} Nc2 {[%clk 01:12:22]} {[%emt 00:08:54]} 17. Rc1 {[%clk 01:10:43]}
{[%emt 00:00:10]} Nb4 {[%clk 01:12:44]} {[%emt 00:00:08]} 18. Nf3 {[%clk
01:01:19]} {[%emt 00:09:54]} Nd7 {[%clk 01:10:23]} {[%emt 00:02:51]} 19. Ne1
{[%clk 00:57:52]} {[%emt 00:03:57]} Ra7 {[%clk 01:01:14]} {[%emt 00:09:40]} 20.
e4 {[%clk 00:44:20]} {[%emt 00:14:02]} dxe4 {[%clk 00:55:32]} {[%emt 00:06:12]}
21. Bxe4 {[%clk 00:42:28]} {[%emt 00:02:22]} c5 {[%clk 00:55:24]} {[%emt
00:00:38]} 22. Bxb4 {[%clk 00:34:24]} {[%emt 00:08:34]} cxb4 {[%clk 00:55:34]}
{[%emt 00:00:20]} 23. Nd3 {[%clk 00:31:28]} {[%emt 00:03:27]} Rc8 {[%clk
00:48:04]} {[%emt 00:07:59]} 24. Bf3 {[%clk 00:31:00]} {[%emt 00:00:58]} Rcc7
{[%clk 00:44:50]} {[%emt 00:03:44]} 25. Rd1 {[%clk 00:25:47]} {[%emt 00:05:43]}
Bf6 {[%clk 00:38:32]} {[%emt 00:06:48]} 26. Nf4 {[%clk 00:24:46]} {[%emt
00:01:31]} g5 {[%clk 00:38:32]} {[%emt 00:00:29]} 27. Ng2 {[%clk 00:25:10]}
{[%emt 00:00:07]} e5 {[%clk 00:38:11]} {[%emt 00:00:51]} 28. Ne3 {[%clk
00:22:37]} {[%emt 00:03:03]} exd4 {[%clk 00:31:07]} {[%emt 00:07:34]} 29. Nd5
{[%clk 00:22:59]} {[%emt 00:00:09]} Rc8 {[%clk 00:28:37]} {[%emt 00:03:00]} 30.
Nxb4 {[%clk 00:20:47]} {[%emt 00:02:41]} Nc5 {[%clk 00:28:30]} {[%emt
00:00:36]} 31. Ra3 {[%clk 00:20:52]} {[%emt 00:00:26]} d3 {[%clk 00:24:04]}
{[%emt 00:04:56]} 32. Nd5 {[%clk 00:20:28]} {[%emt 00:00:54]} Bxb2 {[%clk
00:22:52]} {[%emt 00:01:42]} 33. Ra2 {[%clk 00:20:54]} {[%emt 00:00:03]} Be5
{[%clk 00:22:44]} {[%emt 00:00:39]} 34. b4 {[%clk 00:21:11]} {[%emt 00:00:14]}
Nb3 {[%clk 00:22:53]} {[%emt 00:00:19]} 35. Nxb6 {[%clk 00:20:35]} {[%emt
00:01:07]} Rb8 {[%clk 00:22:50]} {[%emt 00:00:33]} 36. c5 {[%clk 00:16:25]}
{[%emt 00:04:40]} Bc3 {[%clk 00:17:58]} {[%emt 00:05:21]} 37. Bd5 {[%clk
00:14:43]} {[%emt 00:02:13]} Bxb4 {[%clk 00:17:31]} {[%emt 00:00:57]} 38. Bxb3
{[%clk 00:14:51]} {[%emt 00:00:22]} Bxc5 {[%clk 00:17:56]} {[%emt 00:00:05]}
39. Na4 {[%clk 00:15:14]} {[%emt 00:00:07]} Bxf2+ {[%clk 00:18:15]} {[%emt
00:00:12]} 40. Kxf2 {[%clk 00:14:58]} {[%emt 00:00:45]} Rxb3 {[%clk 00:18:40]}
{[%emt 00:00:05]} 41. Nc5 {[%clk 00:15:04]} {[%emt 00:00:23]} Rb5 {[%clk
00:18:14]} {[%emt 00:00:56]} 42. Nxd3 {[%clk 00:12:20]} {[%emt 00:03:15]} Rd7
{[%clk 00:18:28]} {[%emt 00:00:16]} 43. Rad2 {[%clk 00:08:37]} {[%emt
00:04:12]} a4 {[%clk 00:15:43]} {[%emt 00:03:16]} 44. Nc1 {[%clk 00:07:19]}
{[%emt 00:01:48]} Rxd2+ {[%clk 00:14:37]} {[%emt 00:01:37]} 45. Rxd2 {[%clk
00:07:45]} {[%emt 00:00:04]} a3 {[%clk 00:14:48]} {[%emt 00:00:18]} 46. Nd3
{[%clk 00:06:27]} {[%emt 00:01:48]} f5 {[%clk 00:12:58]} {[%emt 00:02:20]} 47.
Ra2 {[%clk 00:05:00]} {[%emt 00:01:57]} Rb3 {[%clk 00:13:15]} {[%emt 00:00:12]}
48. Ke2 {[%clk 00:05:03]} {[%emt 00:00:27]} Kh7 {[%clk 00:12:40]} {[%emt
00:01:05]} 49. Kd2 {[%clk 00:04:56]} {[%emt 00:00:38]} Rb1 {[%clk 00:12:42]}
{[%emt 00:00:28]} 50. Kc2 {[%clk 00:02:37]} {[%emt 00:02:48]} Rg1 {[%clk
00:11:00]} {[%emt 00:02:13]} 51. Kb3 {[%clk 00:02:35]} {[%emt 00:00:32]} f4
{[%clk 00:09:22]} {[%emt 00:02:07]} 52. gxf4 {[%clk 00:02:15]} {[%emt
00:00:51]} gxf4 {[%clk 00:09:46]} {[%emt 00:00:07]} 53. Nxf4 {[%clk 00:02:01]}
{[%emt 00:00:43]} Rf1 {[%clk 00:09:50]} {[%emt 00:00:26]} 54. Nh5 {[%clk
00:28:38]} {[%emt 00:03:53]} Rf3+ {[%clk 00:39:26]} {[%emt 00:00:54]} 55. Kb4
{[%clk 00:28:56]} {[%emt 00:00:12]} Kh6 {[%clk 00:39:31]} {[%emt 00:00:25]} 56.
Ng3 {[%clk 00:29:17]} {[%emt 00:00:09]} Kg5 {[%clk 00:39:35]} {[%emt 00:00:26]}
57. Kc4 {[%clk 00:28:33]} {[%emt 00:01:14]} Kg4 {[%clk 00:39:19]} {[%emt
00:00:45]} 58. Ne4 {[%clk 00:23:46]} {[%emt 00:05:18]} Kf4 {[%clk 00:38:40]}
{[%emt 00:01:09]} 59. Kd4 {[%clk 00:22:45]} {[%emt 00:01:31]} Rb3 {[%clk
00:32:46]} {[%emt 00:06:24]} 60. Nc5 {[%clk 00:22:33]} {[%emt 00:00:42]} Rb2
{[%clk 00:32:34]} {[%emt 00:00:43]} 61. Nd3 {[%clk 00:22:42]} {[%emt 00:00:21]}
1-0